| 000 | 00916nas a2200277 4500 | ||
|---|---|---|---|
| 001 | BR9201436 | ||
| 003 | BR-BrBNA | ||
| 005 | 20231205092413.0 | ||
| 007 | ta | ||
| 008 | 230509b bl.|||p| |||| 00| 00por d | ||
| 040 |
_aBR-BrBNA _bpor _cBiblioteca Nacional de Agricultura |
||
| 041 | _a(Pt) | ||
| 072 | _aF01 | ||
| 100 | 1 | _aPereira, O.J. | |
| 100 | 1 | _aAndrade, E.M. de | |
| 100 | 1 | _aPereira, J.W.L. | |
| 245 | 1 | _aComportamento de cultivares de milho (Zea mays L)e feijao-de-corda (Vigna ungiculata (L)Walp). em sistemas consorciado e solteiro, submetidos a diferentes estresses hidricos iniciais | |
| 650 | _aMILHO | ||
| 650 | _aFEIJAO DE CORDA | ||
| 650 | _aCONSORCIACAO DE CULTURA | ||
| 650 | _aSTRESS | ||
| 650 | _aIRRIGACAO | ||
| 773 | 0 |
_tCiencia Agronomica (Brazil) _xISSN 0045-6888 _g(Dec 1988), v. 19(2) p. 59-63 _wBR9201436 |
|
| 909 |
_a202311 _bLúcia _c55 _dLúcia Elande |
||
| 942 |
_2AGRIS _n0 _cANA |
||
| 999 |
_c131461 _d131461 |
||